000 00292nam a22001337a 4500
003 SGT
082 _a612.012
_bB15S
100 _aSHASTRI,AMBIKA DUTTA
245 _aBHAISAJYARATNAVALI
260 _aVARANASI
_bCHAUKHAMBHA PUB
_c2015
300 _a1312
650 _aAYURVEDA
942 _2ddc
_cBK
_06
999 _c8550
_d8550